Database-principles, programming and performance (Record no. 85634)

MARC details
000 -LEADER
fixed length control field 00563nam a2200193Ia 4500
008 - FIXED-LENGTH DATA ELEMENTS--GENERAL INFORMATION
fixed length control field 230125s9999 xx 000 0 und d
020 ## - INTERNATIONAL STANDARD BOOK NUMBER
International Standard Book Number 981-4066-419
041 ## - LANGUAGE CODE
Language code of text/sound track or separate title eng
082 ## - DEWEY DECIMAL CLASSIFICATION NUMBER
Classification number 005.74
Item number O''''NE O'
100 ## - MAIN ENTRY--PERSONAL NAME
Personal name O''Nell P
9 (RLIN) 108896
245 ## - TITLE STATEMENT
Title Database-principles, programming and performance
260 ## - PUBLICATION, DISTRIBUTION, ETC. (IMPRINT)
Date of publication, distribution, etc. 1994
Name of publisher, distributor, etc. Harcourt Asia
Place of publication, distribution, etc. Singapore
300 ## - PHYSICAL DESCRIPTION
Extent 870p
500 ## - GENERAL NOTE
Keywords Dabase management system,DBMS
500 ## - GENERAL NOTE
Keywords DBMS;Database management system
650 ## - SUBJECT ADDED ENTRY--TOPICAL TERM
Topical term or geographic name as entry element Computer Management
700 ## - ADDED ENTRY--PERSONAL NAME
Personal name O''Nell P & O''Nell E
9 (RLIN) 108897
Holdings
Withdrawn status Lost status Damaged status Not for loan Home library Current library Date acquired Vendor Cost, normal purchase price Full call number Barcode Date last seen Cost, replacement price Bill Date Koha item type Original Barcode
Withdrawn 2022-23       Smt. Hiraben Nanavati Institute of Management & Research for Women Smt. Hiraben Nanavati Institute of Management & Research for Women 16/12/2000 Mehta book supplier 440.00 005.74 ONE/O B02358 HIMR-BK-2358 25/01/2023 440.00 16/12/2000 Books B02358